[Event "NATO-ch 33rd"]
[Site "Portoroz"]
[Date "2023.09.04"]
[Round "1"]
[White "Glatty, Zbigniew"]
[Black "Flaata, Alexander R"]
[Result "0-1"]
[WhiteElo "1705"]
[BlackElo "2050"]
[PlyCount "86"]
[EventDate "2023.09.04"]
[EventType "swiss"]
[EventRounds "7"]
[EventCountry "SLO"]
[SourceTitle "CBM 216 Extra"]
[Source "ChessBase"]
[SourceDate "2023.11.30"]
[SourceVersion "1"]
[SourceVersionDate "2023.11.30"]
[SourceQuality "1"]

1. e4 c5 2. Nf3 g6 3. d4 cxd4 4. Nxd4 Nf6 5. Nc3 Nc6 6. Be3 Bg7 7. Bc4 0-0 8. Bb3 d5 9. exd5 Na5 10. h3 Nxb3 11. Nxb3 b5 12. Nxb5 Nxd5 13. Bd4 Bxd4 14. Qxd4 e5 15. Qd2 a6 16. Na3 Nf4 17. Qxd8 Rxd8 18. 0-0 Bb7 19. f3 Rac8 20. Rad1 f6 21. Na5 Ba8 22. N3c4 Bd5 23. Ne3 Be6 24. Kf2 Rd4 25. Nb3 Rb4 26. Rd6 a5 27. g3 Nxh3+ 28. Kg2 Ng5 29. Rfd1 a4 30. a3 Rbb8 31. Na5 Rxb2 32. Nc6 Re8 33. Nb4 f5 34. Ned5 Bxd5 35. R6xd5 e4 36. f4 Nf7 37. Ra5 Nh6 38. Rxa4 Ng4 39. Rd7 e3 40. Raa7 Nf6 41. Nd5 Rxc2+ 42. Kh3 Nxd7 43. Rxd7 Rc6 0-1

[Event "Warsaw Najdorf Memorial op-A 20th"]
[Site "Warsaw"]
[Date "2023.07.19"]
[Round "9"]
[White "Smietanska, Wiktoria"]
[Black "Flaata, Alexander R"]
[Result "0-1"]
[WhiteElo "1964"]
[BlackElo "2068"]
[PlyCount "66"]
[EventDate "2023.07.11"]
[EventType "swiss"]
[EventRounds "9"]
[EventCountry "POL"]
[SourceTitle "EXT 2024"]
[Source "ChessBase"]
[SourceDate "2023.10.10"]
[SourceVersion "1"]
[SourceVersionDate "2023.10.10"]
[SourceQuality "1"]

1. c4 g6 2. Nc3 Bg7 3. g3 e5 4. Bg2 d6 5. e3 Nc6 6. Nge2 Be6 7. b3 Qd7 8. Nd5 0-0-0 9. 0-0 Bh3 10. b4 h5 11. f3 Bxg2 12. Kxg2 h4 13. Rh1 e4 14. Nec3 hxg3 15. hxg3 Rxh1 16. Qxh1 exf3+ 17. Kxf3 Ne5+ 18. Kg2 Ne7 19. Nxe7+ Qxe7 20. Qf1 Rh8 21. d4 Qe6 22. Nd5 Qh3+ 23. Kf2 Qf5+ 24. Nf4 Ng4+ 25. Ke1 Qe4 26. Qd3 Qh1+ 27. Qf1 Qe4 28. Qd3 Rh1+ 29. Ke2 Rh2+ 30. Ke1 Qf3 31. Ne2 Nf2 32. Qc2 Ne4 33. Qd3 Rh1+ 0-1

[Event "NATO-ch 32nd"]
[Site "Tartu"]
[Date "2022.06.30"]
[Round "5"]
[White "Flaata, Alexander R"]
[Black "Farrell, John F"]
[Result "1-0"]
[WhiteElo "2048"]
[BlackElo "1913"]
[PlyCount "39"]
[EventDate "2022.06.27"]
[EventType "swiss"]
[EventRounds "7"]
[EventCountry "EST"]
[SourceTitle "CBM 209 Extra"]
[Source "ChessBase"]
[SourceDate "2022.09.30"]
[SourceVersion "1"]
[SourceVersionDate "2022.09.30"]
[SourceQuality "1"]

1. d4 d5 2. Nc3 Nf6 3. Bf4 a6 4. e3 e6 5. g4 Bd6 6. Bxd6 Qxd6 7. g5 Ng8 8. Nf3 Nc6 9. a3 Bd7 10. Qd2 Nge7 11. Bd3 e5 12. dxe5 Nxe5 13. Nxe5 Qxe5 14. f4 Qd6 15. 0-0-0 0-0-0 16. e4 dxe4 17. Nxe4 Qc6 18. Ng3 Bg4 19. Rde1 Nf5 20. Nxf5 1-0

[Event "NATO-ch 32nd"]
[Site "Tartu"]
[Date "2022.06.28"]
[Round "2"]
[White "Tikerpuu, Mati"]
[Black "Flaata, Alexander R"]
[Result "1-0"]
[WhiteElo "1819"]
[BlackElo "2048"]
[PlyCount "63"]
[EventDate "2022.06.27"]
[EventType "swiss"]
[EventRounds "7"]
[EventCountry "EST"]
[SourceTitle "CBM 209 Extra"]
[Source "ChessBase"]
[SourceDate "2022.09.30"]
[SourceVersion "1"]
[SourceVersionDate "2022.09.30"]
[SourceQuality "1"]

1. b4 c6 2. Bb2 a5 3. b5 d5 4. e3 Bf5 5. Nf3 Nf6 6. d4 e6 7. a3 Nbd7 8. c4 dxc4 9. Bxc4 Nb6 10. Be2 Bd6 11. 0-0 h5 12. Nc3 c5 13. Na4 Nxa4 14. Qxa4 0-0 15. Rfd1 Qe7 16. Rac1 Ne4 17. dxc5 Bxc5 18. Ne5 Bd6 19. Bf3 Nc5 20. Qd4 Rad8 21. Nc6 Qg5 22. Nxd8 Rxd8 23. Rxc5 Bxh2+ 24. Kxh2 Rxd4 25. Rxd4 Qe7 26. Rc8+ Kh7 27. b6 e5 28. Rc7 Qe6 29. Rdd7 e4 30. Rxf7 exf3 31. Bxg7 Qd6+ 32. Be5+ 1-0

[Event "NOR-chT Clubs"]
[Site "Drammen"]
[Date "2022.05.26"]
[Round "6"]
[White "Ingebretsen, Jens E"]
[Black "Flaata, Alexander R"]
[Result "1-0"]
[WhiteElo "2328"]
[BlackElo "2033"]
[PlyCount "59"]
[EventDate "2022.05.26"]
[EventType "team-swiss"]
[EventRounds "6"]
[EventCountry "NOR"]
[SourceTitle "EXT 2024"]
[Source "ChessBase"]
[SourceDate "2023.10.10"]
[SourceVersion "1"]
[SourceVersionDate "2023.10.10"]
[SourceQuality "1"]
[WhiteTeam "Oslo SS"]
[BlackTeam "SOSS"]
[WhiteTeamCountry "NOR"]
[BlackTeamCountry "NOR"]

1. c4 Nf6 2. Nc3 e5 3. Nf3 Nc6 4. g3 Bb4 5. Bg2 0-0 6. 0-0 Re8 7. d3 Bxc3 8. bxc3 e4 9. Ng5 exd3 10. exd3 h6 11. Ne4 d6 12. Rb1 Rb8 13. Nxf6+ Qxf6 14. Bxc6 Re5 15. Bg2 Bf5 16. Be3 Ra5 17. Qd2 b6 18. Rb5 Ra3 19. Rb3 Ra5 20. Rd1 Bg4 21. Re1 Re8 22. Bd4 Rxe1+ 23. Qxe1 Qg6 24. Rb2 c5 25. Qe8+ Kh7 26. Bd5 Bh5 27. Be3 Qg4 28. f3 Qg6 29. g4 Qxd3 30. gxh5 1-0

[Event "NOR-chT Elite 2122"]
[Site "Norway"]
[Date "2022.02.05"]
[Round "5.4"]
[White "Flaata, Alexander R"]
[Black "Ranaldi, Lucas"]
[Result "1/2-1/2"]
[WhiteElo "2019"]
[BlackElo "2330"]
[PlyCount "269"]
[EventDate "2021.10.28"]
[EventType "team-tourn"]
[EventRounds "9"]
[EventCountry "NOR"]
[SourceTitle "EXT 2023"]
[Source "ChessBase"]
[SourceDate "2022.10.05"]
[SourceVersion "1"]
[SourceVersionDate "2022.10.05"]
[SourceQuality "1"]
[WhiteTeam "SOSS"]
[BlackTeam "Offerspill"]
[WhiteTeamCountry "NOR"]
[BlackTeamCountry "NOR"]

1. d4 Nf6 2. Nc3 d5 3. Bf4 a6 4. e3 e6 5. Nf3 c5 6. dxc5 Bxc5 7. Bd3 Nc6 8. 0-0 Bd6 9. Bxd6 Qxd6 10. e4 d4 11. Ne2 e5 12. Ng3 0-0 13. Nh4 g6 14. Qd2 Qe7 15. Qg5 h6 16. Qc1 Kg7 17. h3 Nh7 18. Nf3 Ng5 19. Nxg5 hxg5 20. Be2 Be6 21. Qd2 Rac8 22. a3 f6 23. Bg4 Bxg4 24. hxg4 Qd7 25. f3 Qc7 26. Rf2 Na5 27. b3 Rfd8 28. Nf1 d3 29. Ne3 dxc2 30. Qxc2 Qxc2 31. Nxc2 Nxb3 32. Rb1 Rc3 33. Nb4 Rdc8 34. Kh2 Na5 35. Rd2 R3c7 36. Nd5 Rd7 37. Rdb2 Rc6 38. a4 Kf7 39. Kg3 Kg7 40. Nb6 Rd4 41. Kf2 f5 42. gxf5 gxf5 43. exf5 g4 44. fxg4 Rxg4 45. Kg1 Rd4 46. Rb4 Rcd6 47. g4 Kf6 48. Nc8 Rd8 49. Nb6 Kg5 50. Kf2 Rxg4 51. Rxg4+ Kxg4 52. f6 Kf5 53. f7 Rf8 54. Ke3 Rxf7 55. Rd1 Rh7 56. Rd6 Rh3+ 57. Ke2 Rh2+ 58. Ke3 Rb2 59. Kd3 Rb3+ 60. Kc2 Rb4 61. Kc3 Rb3+ 62. Kc2 Rg3 63. Rd5 Rg2+ 64. Kd1 Rg6 65. Nc8 Nc6 66. Rd7 Rg8 67. Rc7 Ke6 68. Nb6 Rb8 69. Kd2 Kd6 70. Rh7 Nb4 71. Ke2 Kc6 72. Rh6+ Kc7 73. Ke3 Rd8 74. Nc4 Nc6 75. Re6 Rd5 76. Rh6 Rd7 77. Re6 Rd5 78. Rh6 Rd4 79. Nxe5 Rxa4 80. Nxc6 bxc6 81. Kd3 Rb4 82. Kc3 Rb5 83. Rg6 Kb6 84. Kc2 a5 85. Rg8 Kc5 86. Rg4 Rb4 87. Rg5+ Kb6 88. Kc3 Rh4 89. Kb3 Rh3+ 90. Ka4 Rd3 91. Rh5 Rd4+ 92. Ka3 Rd5 93. Rh1 Rd3+ 94. Ka4 Rd4+ 95. Ka3 Kb5 96. Rh5+ c5 97. Rh8 Rd3+ 98. Ka2 Kb4 99. Rb8+ Ka4 100. Kb2 Rh3 101. Rc8 Kb4 102. Rb8+ Kc4 103. Ra8 Rh2+ 104. Kb1 Kb3 105. Rb8+ Kc3 106. Rb5 c4 107. Rxa5 Rh1+ 108. Ka2 Rh2+ 109. Kb1 Rh1+ 110. Ka2 Kc2 111. Rg5 Rd1 112. Rg2+ Kc3 113. Rg3+ Rd3 114. Rg8 Kc2 115. Rg2+ Rd2 116. Rg1 c3 117. Rh1 Re2 118. Rh8 Kd3+ 119. Kb3 Rb2+ 120. Ka3 Rd2 121. Kb3 Rb2+ 122. Ka3 Rb7 123. Rh3+ Kd4 124. Rh4+ Kd5 125. Rh5+ Ke4 126. Rh4+ Kd5 127. Rh5+ Kc4 128. Rh4+ Kc5 129. Rh5+ Kb6 130. Rh6+ Ka5 131. Rh5+ Ka6 132. Rc5 Rb1 133. Rxc3 Kb5 134. Rb3+ Rxb3+ 135. Kxb3 1/2-1/2

[Event "NOR-chT Elite 1920"]
[Site "Norway"]
[Date "2020.01.19"]
[Round "6.2"]
[White "Flaata, Alexander R"]
[Black "Sandal, Eirik"]
[Result "1/2-1/2"]
[WhiteElo "2133"]
[BlackElo "2042"]
[PlyCount "98"]
[EventDate "2019.11.01"]
[EventType "team-tourn"]
[EventRounds "9"]
[EventCountry "NOR"]
[SourceTitle "CBM 195 Extra"]
[Source "ChessBase"]
[SourceDate "2020.05.31"]
[SourceVersion "1"]
[SourceVersionDate "2020.05.31"]
[SourceQuality "1"]
[WhiteTeam "SOSS"]
[BlackTeam "SK 96"]
[WhiteTeamCountry "NOR"]
[BlackTeamCountry "NOR"]

1. e4 d6 2. d4 g6 3. Nc3 Bg7 4. Be3 a6 5. h3 b5 6. f4 Bb7 7. Bd3 Nd7 8. Nf3 c5 9. 0-0 cxd4 10. Nxd4 Ngf6 11. a3 0-0 12. Nf3 Qc7 13. Qe2 Nc5 14. Bf2 Rac8 15. Rae1 Nfd7 16. Bh4 Rfe8 17. Kh1 Bxc3 18. bxc3 Nxd3 19. cxd3 Qxc3 20. f5 Qg7 21. d4 gxf5 22. exf5 Nf6 23. Qd3 Rc7 24. Bxf6 Qxf6 25. Nd2 Rec8 26. Ne4 Bxe4 27. Qxe4 Kf8 28. Re3 a5 29. Rf4 b4 30. axb4 axb4 31. Rg3 Rc1+ 32. Kh2 h5 33. Rb3 R1c4 34. Qb7 R8c7 35. Qb8+ Rc8 36. Qb7 R8c7 37. Qb5 Qg5 38. Rff3 h4 39. Rxb4 Rxb4 40. Qxb4 Rc8 41. f6 Re8 42. fxe7+ Qxe7 43. Qd2 Kg7 44. Qf4 Rg8 45. Re3 Qf6 46. Qg4+ Kh6 47. Qxg8 Qf4+ 48. Kh1 Qf1+ 49. Kh2 Qf4+ 1/2-1/2

[Event "NOR-chT 1718"]
[Site "Norway"]
[Date "2017.12.01"]
[Round "1.3"]
[White "Al Tarbosh, Ward"]
[Black "Flaata, Alexander R"]
[Result "1/2-1/2"]
[WhiteElo "2266"]
[BlackElo "2103"]
[PlyCount "134"]
[EventDate "2017.11.03"]
[EventType "team-tourn"]
[EventRounds "9"]
[EventCountry "NOR"]
[SourceTitle "CBM 181 Extra"]
[Source "ChessBase"]
[SourceDate "2017.12.12"]
[SourceVersion "1"]
[SourceVersionDate "2017.12.12"]
[SourceQuality "1"]
[WhiteTeam "OSS"]
[BlackTeam "Black Knights"]
[WhiteTeamCountry "NOR"]
[BlackTeamCountry "NOR"]

1. e4 d6 2. d4 Nf6 3. Bd3 e5 4. Nf3 Nbd7 5. 0-0 Be7 6. c3 c6 7. b3 Qc7 8. Bb2 Nf8 9. c4 Ng6 10. c5 Bg4 11. cxd6 Bxd6 12. Nbd2 0-0 13. h3 Bxf3 14. Nxf3 Rfe8 15. Re1 Rad8 16. Qc2 exd4 17. Bxd4 Ne5 18. Bxe5 Bxe5 19. Rad1 h6 20. Bc4 Rxd1 21. Rxd1 Nxe4 22. Re1 Nf6 23. g3 Bd6 24. Rxe8+ Nxe8 25. Nd4 Qd7 26. Nf5 Bf8 27. Kg2 Nf6 28. Be2 Nd5 29. Bg4 Qe8 30. Bf3 Qe5 31. Nh4 Bd6 32. Nf5 Bf8 33. Nh4 g6 34. Be4 Nb4 35. Qb1 f5 36. Bf3 Kh7 37. a3 Nd5 38. b4 Be7 39. Bxd5 Qxd5+ 40. Nf3 Bf6 41. Qc2 Kg7 42. Qe2 Kf7 43. Kh2 b6 44. Nd2 b5 45. Nf3 g5 46. Qe3 a6 47. Nd2 Bd4 48. Qe2 Bc3 49. Nf1 Bd4 50. Nd2 Qe6 51. Qf3 Kg6 52. Nb3 Bxf2 53. Na5 Bd4 54. Nxc6 Qa2+ 55. Qg2 Qxg2+ 56. Kxg2 Bb2 57. Nb8 Bxa3 58. Nxa6 Kf6 59. Nc7 Bxb4 60. Nd5+ Ke5 61. Nxb4 Kd4 62. Nc2+ Kc3 63. Ne3 b4 64. Nxf5 b3 65. Ne3 Kd3 66. Nd1 Kc2 67. Ne3+ Kd3 1/2-1/2

[Event "NOR-chT 1516"]
[Site "Norway"]
[Date "2016.03.05"]
[Round "8.1"]
[White "Woldseth, Ole"]
[Black "Flaata, Alexander R"]
[Result "1-0"]
[WhiteElo "2106"]
[BlackElo "2105"]
[PlyCount "93"]
[EventDate "2015.10.30"]
[EventType "team-tourn"]
[EventRounds "9"]
[EventCountry "NOR"]
[SourceTitle "EXT 2017"]
[Source "ChessBase"]
[SourceDate "2016.10.25"]
[SourceVersion "1"]
[SourceVersionDate "2016.10.25"]
[SourceQuality "1"]
[WhiteTeam "Sotra"]
[BlackTeam "Black Knights"]
[WhiteTeamCountry "NOR"]
[BlackTeamCountry "NOR"]

1. d4 f5 2. g3 Nf6 3. Bg2 e6 4. c4 d5 5. Nf3 c6 6. Qc2 Bd6 7. Bf4 0-0 8. 0-0 Be7 9. Nbd2 Ne4 10. Bxb8 Rxb8 11. Rfc1 Bd7 12. Ne5 Be8 13. f3 Nxd2 14. Qxd2 Bd6 15. c5 Bc7 16. b4 g5 17. e3 f4 18. Re1 fxg3 19. hxg3 Qf6 20. f4 Kh8 21. Rf1 Qg7 22. fxg5 Rxf1+ 23. Rxf1 Bxe5 24. dxe5 Bg6 25. Qd4 Rg8 26. Qf4 Bd3 27. Rf2 Qxg5 28. Qf6+ Qxf6 29. exf6 Bf5 30. Kh2 Rf8 31. Bh3 Bxh3 32. Kxh3 Kg8 33. g4 Kf7 34. Kh4 Kg6 35. g5 b6 36. cxb6 axb6 37. Rc2 Rc8 38. Kg4 h6 39. gxh6 c5 40. h7 c4 41. Rh2 Rh8 42. a4 Kxf6 43. a5 bxa5 44. bxa5 Ke5 45. Kg5 Ke4 46. Kg6 Kxe3 47. Kg7 1-0

[Event "NOR-chT 1516"]
[Site "Norway"]
[Date "2016.01.15"]
[Round "4.1"]
[White "Gabrielsen, Trond"]
[Black "Flaata, Alexander R"]
[Result "1-0"]
[WhiteElo "2252"]
[BlackElo "2105"]
[PlyCount "68"]
[EventDate "2015.10.30"]
[EventType "team-tourn"]
[EventRounds "9"]
[EventCountry "NOR"]
[SourceTitle "CBM 170 Extra"]
[Source "ChessBase"]
[SourceDate "2016.02.25"]
[SourceVersion "1"]
[SourceVersionDate "2016.02.25"]
[SourceQuality "1"]
[WhiteTeam "Bergens"]
[BlackTeam "Black Knights"]
[WhiteTeamCountry "NOR"]
[BlackTeamCountry "NOR"]

1. e4 e6 2. d4 d5 3. e5 c5 4. c3 Nc6 5. Nf3 Bd7 6. a3 f6 7. Bd3 Qc7 8. Bf4 0-0-0 9. Bg3 f5 10. dxc5 Bxc5 11. b4 Be7 12. h4 Nh6 13. Qe2 Rdf8 14. Bf4 Nf7 15. c4 dxc4 16. Bxc4 h6 17. h5 Ng5 18. Nbd2 Kb8 19. Rc1 Rc8 20. 0-0 Qd8 21. Nb3 Nxf3+ 22. Qxf3 Qb6 23. Rfd1 Rhd8 24. Rxd7 Rxd7 25. Bxe6 Rdd8 26. Bxc8 Rxc8 27. Qd3 Rd8 28. Qxf5 Rf8 29. Qe4 a6 30. Nc5 Bxc5 31. Rxc5 Qd8 32. Rd5 Qh4 33. g3 Qxh5 34. e6+ Rxf4 1-0

[Event "NOR-chT 1314"]
[Site "Norway"]
[Date "2014.03.21"]
[Round "7.1"]
[White "Flaata, Alexander R"]
[Black "Gabrielsen, Trond"]
[Result "0-1"]
[WhiteElo "2109"]
[BlackElo "2280"]
[PlyCount "70"]
[EventDate "2013.11.01"]
[EventType "team-tourn"]
[EventRounds "9"]
[EventCountry "NOR"]
[SourceTitle "EXT 2015"]
[Source "ChessBase"]
[SourceDate "2014.11.20"]
[SourceVersion "1"]
[SourceVersionDate "2014.11.20"]
[SourceQuality "1"]
[WhiteTeam "Black Knights"]
[BlackTeam "Bergens"]
[WhiteTeamCountry "NOR"]
[BlackTeamCountry "NOR"]

1. d4 f5 2. e4 fxe4 3. Nc3 Nf6 4. Bg5 Nc6 5. d5 Ne5 6. Qe2 c6 7. 0-0-0 cxd5 8. Bxf6 gxf6 9. Qh5+ Nf7 10. Rxd5 e6 11. Rd1 f5 12. h4 Bg7 13. Nge2 Qf6 14. g4 Qg6 15. Qxg6 hxg6 16. gxf5 gxf5 17. Kb1 Be5 18. Nd4 Ke7 19. Be2 d5 20. f4 Bxd4 21. Rxd4 Bd7 22. h5 Rag8 23. Rh2 Bc6 24. b4 a6 25. a4 Be8 26. b5 axb5 27. axb5 Nd6 28. Kb2 Rg3 29. Ra4 Bf7 30. Ra3 Rgg8 31. Ra4 Kf6 32. Rd4 Rg3 33. Ra4 e5 34. Ra3 exf4 35. h6 f3 0-1

[Event "Paleochora op 5th"]
[Site "Paleochora"]
[Date "2012.07.22"]
[Round "8"]
[White "Flaata, Alexander R"]
[Black "Valenti, Giuseppe"]
[Result "1/2-1/2"]
[WhiteElo "2097"]
[BlackElo "2190"]
[PlyCount "46"]
[EventDate "2012.07.16"]
[EventType "swiss"]
[EventRounds "9"]
[EventCountry "GRE"]
[SourceTitle "CBM 149 Extra"]
[Source "ChessBase"]
[SourceDate "2012.08.24"]
[SourceVersion "1"]
[SourceVersionDate "2012.08.24"]
[SourceQuality "1"]

1. d4 e6 2. Nc3 Nf6 3. Bg5 d5 4. e4 dxe4 5. Nxe4 Nbd7 6. Nf3 Be7 7. Nxf6+ Nxf6 8. Ne5 0-0 9. Bd3 c5 10. dxc5 Qa5+ 11. Qd2 Qxc5 12. f4 Rd8 13. 0-0-0 b6 14. Qe2 Bb7 15. Bxf6 Bxf6 16. Bxh7+ Kf8 17. Nd7+ Rxd7 18. Rxd7 Bc6 19. Rc7 Bxb2+ 20. Kxb2 Qb4+ 21. Ka1 Qc3+ 22. Kb1 Qb4+ 23. Ka1 Qc3+ 1/2-1/2

[Event "Oslo op"]
[Site "Oslo"]
[Date "2011.10.02"]
[Round "1"]
[White "Flaata, Alexander R"]
[Black "Gullaksen, Eirik Tvedt"]
[Result "0-1"]
[WhiteElo "2108"]
[BlackElo "2376"]
[PlyCount "75"]
[EventDate "2011.10.02"]
[EventType "swiss"]
[EventRounds "9"]
[EventCountry "NOR"]
[SourceTitle "CBM 144 Extra"]
[Source "ChessBase"]
[SourceDate "2011.10.28"]
[SourceVersion "1"]
[SourceVersionDate "2011.10.28"]
[SourceQuality "1"]

1. d4 Nf6 2. Bg5 Ne4 3. Bf4 c5 4. f3 Qa5+ 5. c3 Nf6 6. d5 Qb6 7. e4 Qxb2 8. Nd2 Qxc3 9. Bc7 d6 10. Rb1 Nfd7 11. Ne2 Qf6 12. Ba5 Qh4+ 13. g3 Qh5 14. Bc3 Rg8 15. Nf4 Qh6 16. Qa4 g5 17. Nd3 Bg7 18. e5 Kf8 19. Ne4 Qg6 20. Bh3 dxe5 21. 0-0 c4 22. Qxc4 Nb6 23. Qc7 f5 24. d6 Nc6 25. dxe7+ Nxe7 26. Nd6 Be6 27. Nxe5 Qh6 28. Bg2 Nbd5 29. Qxb7 Rd8 30. Bd4 Rxd6 31. Qb8+ Nc8 32. Rfc1 Nde7 33. Rxc8+ Nxc8 34. Rc1 Ke7 35. Rc7+ Bd7 36. Rxd7+ Rxd7 37. Nc6+ Qxc6 38. Qb4+ 0-1